Language activities for teenagers

Furkejuvvon:
Bibliográfalaš dieđut
Váldodahkki: Lindstromberg, Seth (autor)
Materiálatiipa: Girji
Giella:eaŋgalasgiella
Almmustuhtton: Cambridge Cambridge University 2004
Preanttus:1a. ed
Ráidu:Cambridge Handbooks for Language Teachers
Fáttát:
Fáddágilkorat: Lasit fáddágilkoriid
Eai fáddágilkorat, Lasit vuosttaš fáddágilkora!

MARC

LEADER 00000nam a2200000 a 4500
001 UCK0220
003 CL-VaPUC
008 040924e20040000UK |||||||||||||||||eng|d
020 |a 052154193X 
082 0 4 |a 428  |b LIN  |2 21 
100 |a Lindstromberg, Seth  |e autor  |9 488124 
245 1 0 |a Language activities for teenagers 
250 |a 1a. ed 
300 |a 225 p 
942 |c BK 
945 |d 20040924 00:00:00  |a vberengu 
260 |a Cambridge  |b Cambridge University  |c 2004 
500 |a http://www.cambridge.org 
650 0 |a Educación lingüística  |9 306506 
650 0 |a Lengua inglesa  |9 318842 
650 0 |a Enseñanza del inglés  |9 367340 
583 |a last modification  |c 20130308 10:19:16  |k Rodrigo Vera 
490 0 |a Cambridge Handbooks for Language Teachers 
999 |c 310709  |d 310707 
952 |0 0  |1 0  |4 0  |6 428_000000000000000_LIN_2004  |7 0  |8 A  |9 379614  |a BIBEDU  |b BIBEDU  |d 2019-11-21  |i 4061365  |l 3  |o 428 LIN 2004  |p 4061365  |r 2025-04-21  |s 2025-04-21  |w 2019-11-21  |y BK  |k LIT